000 00900nas a2200289 4500
001 BR0801964
003 BR-BrBNA
005 20231205111833.0
007 ta
008 230509b bl.|||p| |||| 00| 00por d
040 _aBR-BrBNA
_bpor
_cBiblioteca Nacional de Agricultura
041 _a(Pt)
072 _aL74; L20
100 1 _aRodrigues, F.H.G.
100 1 _aSilveira, L.
100 1 _aJácomo, A.T.
100 1 _aMonteiro Filho, L.A.
245 1 _aUm albino parcial de veado campeiro (Ozotoceros bezoarticus, Linnaeus)no Parque Nacional das Emas, Goiás
650 _aVEADO CAMPEIRO
650 _aANATOMIA ANIMAL
650 _aGENÉTICA
650 _aDISTURBIO
650 _aPARQUE NACIONAL
773 0 _tRevista Brasileira de Zoologia (Brazil)
_xISSN 0101-8175
_g(Dec 1999), v. 16(4) p. 1229-1232
_wBR0801964
909 _a202311
_bLúcia
_c55
_dLúcia Elande
942 _2AGRIS
_n0
_cANA
999 _c194732
_d194732